Hudobná výchova pre 3. ročník základných škôl

Bibliographic Details
Main Authors: Langsteinová, Eva, 1943- (Author), Felix, Belo, 1940- (Author)
Other Authors: Lucinkiewiczová, Katarína, 1963- (Illustrator)
Format: Book
Language:Slovak
PhysicalDescription:63 s. ilustr., noty 30 cm
Published: Bratislava Slovenské pedagogické nakladateľstvo [2001]
ISBN:8008030607
Subjects:

MARC

LEADER 00000nam a2200000 a 4500
001 vtls001427569
003 SK-MaSNL
005 20260302020336.0
008 240318s2001 xo ag r slo
015 |a SNBA2002/05-01784 
020 |a 8008030607 
035 |a SNK000382543 
035 |a urn:nbn:sk:snk-amyari 
035 |a urn:nbn:sk:snk-am00c7cx 
035 |a D2299CE8-3CE5-4346-91F3-188EB60E8711 
040 |a SNK  |b slo  |c SNK  |e AACR2 
041 0 |a slo 
044 |a xo  |c SK 
080 |a 372.878(075.2)  |2 1981 
100 1 |a Langsteinová, Eva,  |d 1943-  |4 aut  |9 90873 
245 1 0 |a Hudobná výchova pre 3. ročník základných škôl  |c [autori: Eva Langsteinová, Belo Felix] 
260 |a Bratislava  |b Slovenské pedagogické nakladateľstvo  |c [2001] 
300 |a 63 s.  |b ilustr., noty  |c 30 cm 
500 |a Ilustr. na tit. strane 
500 |a Údaj o aut. prevzatý z rubu tit. strany 
500 |a Ilustr. Katarína Lucinkiewiczová-Michalová 
650 0 7 |a výchova hudobná  |x učebnice zákl. škôl (3. roč.)  |2 SNK  |9 663177 
655 7 |a učebnice  |2 SNK  |9 22521 
700 1 |a Felix, Belo,  |d 1940-  |4 aut  |9 92635 
700 1 |a Lucinkiewiczová, Katarína,  |d 1963-  |4 ill  |9 174557 
919 |a 80-08-03060-7 
958 |a TL 
958 |a UX 
958 |a OND 
999 |c 1024757  |d 1026687 
952 |t P60, <03>, [BOOK], {603}  |a SNK  |b SNK  |y PREZ  |7 0  |p 17A0331122  |o snkSB 64417  |i snkKSP 1236/2002  |0 0  |1 0  |4 0  |d 2002-01-28  |f 1  |l 0  |r 2025-04-14 00:00:00  |w 2026-02-24 
952 |t P60, <04>, [BOOK], {604}  |a SNK  |b SNK  |y VYP  |7 0  |p 17A0338434  |o snkSB 64417 D1  |i snkKSP 3554/2002  |0 0  |1 0  |4 0  |d 2002-04-03  |l 0  |r 2005-01-02 00:00:00  |w 2026-02-24